Endemic Bird Species : USA and Territories - Statistics

General Stats
  • This quiz has been taken 53 times
  • The average score is 16 of 43
Answer Stats
Picture Answer % Correct
Greater Prairie-chicken
86%
Lesser Prairie-chicken
86%
Florida Scrub-jay
75%
Yellow-billed Magpie
75%
Fish Crow
69%
Island Scrub-jay
69%
Carolina Chickadee
61%
Guam Rail
61%
Gunnison Sage-grouse
61%
Boat-tailed Grackle
58%
Guam Kingfisher
56%
Puerto Rican Tody
56%
Red-cockaded Woodpecker
53%
Seaside Sparrow
53%
Saltmarsh Sparrow
50%
Brown-headed Nuthatch
47%
Mariana Fruit-dove
39%
Puerto Rican Parrot
39%
Puerto Rican Woodpecker
39%
McKay's Bunting
36%
Bachman's Sparrow
33%
Puerto Rican Nightjar
33%
Puerto Rican Spindalis
33%
Brown-capped Rosy-finch
31%
Elfin Woods Warbler
31%
Puerto Rican Flycatcher
31%
Puerto Rican Owl
31%
Black Rosy-finch
28%
Puerto Rican Lizard-cuckoo
28%
Yellow-shouldered Blackbird
25%
Adelaide's Warbler
22%
Puerto Rican Oriole
22%
Puerto Rican Bullfinch
19%
Puerto Rican Emerald
19%
Bridled White-eye
14%
Golden White-eye
14%
Mariana Kingfisher
14%
Puerto Rican Tanager
14%
Green Mango
11%
Rota White-eye
6%
Saipan Reed Warbler
6%
Micronesian Starling
3%
Tinian Monarch
3%
No matching quizzes found
Score Distribution
Percent of People with Each Score
Percentile by Number Answered
Your Score History
You have not taken this quiz